I Wanna Dance With Somebody - Whitney Houston - All Lyrics - Statistics

General Stats
  • This quiz has been taken 196 times
  • The average score is 337 of 405
Answer Stats
Answer % Correct
Ah
99%
ah
99%
Hey,
99%
Oh,
99%
oh
99%
Ooh,
99%
ooh
99%
uh-huh
99%
Uh-huh
99%
woah
99%
woo
99%
Woo,
99%
Yeah,
99%
yeah,
99%
Yeah
99%
yeah
99%
dance
98%
(Dance)
98%
dance?
98%
I
98%
me
98%
me,
98%
me?
98%
So
98%
somebody
98%
Somebody
98%
wanna
98%
when
98%
with
98%
With
98%
the
97%
a
94%
love
94%
love,
94%
who
94%
who,
94%
feel
93%
loves
92%
heat
90%
Hey,
87%
Yeah,
87%
yeah
87%
night
83%
to
82%
To
82%
And
79%
and
79%
Come
79%
my
79%
on,
77%
falls
76%
lonely
73%
on
71%
you
71%
heart
70%
begins
67%
calls
66%
sun
66%
that
64%
up
64%
Don't
63%
Don’t
63%
don't
63%
how
62%
away
60%
in
60%
last
58%
strikes
58%
Clock
57%
fade
56%
hour
56%
man
56%
blues
55%
out
55%
Say
55%
take
55%
chance
54%
figure
54%
need
54%
upon
53%
time
51%
chase
50%
loneliness
50%
of
49%
enough
48%
It’s
46%
baby
44%
baby?
44%
or
44%
burns
41%
day
41%
hot
40%
light
40%
shows
40%
down
39%
now
39%
Now
39%
I've
37%
later,
37%
Sooner
37%
his
36%
hold
36%
who'll
36%
arms,
34%
boy?
34%
feelin'
34%
lost
34%
been
31%
senses
31%
Still
31%
ends
28%
fever
27%
through
27%
'til
27%
wind
27%
Spinnin'
24%
this,
21%
town
20%
alright
18%
get
18%
done
17%
No matching quizzes found
Score Distribution
Percent of People with Each Score
Percentile by Number Answered
Your Score History
You have not taken this quiz